000 00321 a2200133 4500
000 nam a22 7a 4500
100 _aSatish Chandra
110 _aSatish Chandra
245 _aIndia-Pakistan Relations
250 _alatest edition
260 _bPentagon Press
_c2024
264 _bPentagon Press
_c2024
942 _cBK
999 _c395401
_d395401